000
00439nam a2200145Ia 4500
008
100204s9999 xx 000 0 und d
082
_b
12092
100
_a
चव्हाण बिमन
245
_a
कॅप्टन हरला
260
_b
"सरस प्रकाशन, ठाणे"
_c
1985
300
_a
207
630
_a
कॅप्टन हरला
730
_a
कॅप्टन हरला
942
_c
BOOK
999
_c
456526
_d
456523